000 00397nam a22001697a 4500
003 SGT
020 _a9780128145395
082 _a614.1
_bF19M
100 _aMONTURO, CHRIS
245 _aFORENSIC FIREARM EXAMINATION
250 _a1ST
260 _aUK
_bACADEMIC PRESS PUB
_c2019
300 _a326
650 _aFORENSIC MEDICINE
653 _aFORENSIC FIREARM EXAMINATION
942 _2ddc
_cBK
999 _c30762
_d30762